A 15. városi tanácsi választókerület jelöltje dr. Biczó György /

Elmentve itt :
Bibliográfiai részletek
Szerzők: Somogyi Károlyné
Kondorosi János
Dokumentumtípus: Cikk
Megjelent: 1967-02-10
Sorozat:Délmagyarország 57 No. 35
Kulcsszavak:Hofgesang Péter, Perjési László, Biczó György, Hegyi László, Bencze György, Szekeres Vince, Petri Gábor, Lacsán Mihály, Révész László, Hallai Gyuláné, Koics Erzsébet, Vaszy Viktor, Kelecsényi József, Papp Ferenc, Megyei tanácstagok jelőlése Szeged 1967, választások
Online Access:http://dmarchiv.bibl.u-szeged.hu/61487
LEADER 00816nab a2200169 i 4500
001 delm61487
005 20180927144530.0
008 180927s1967 hu o 0|| hun d
040 |a SZTE Délmagyarország Archívum  |b hun 
041 |a hun 
100 1 |a Somogyi Károlyné 
245 1 2 |a A 15. városi tanácsi választókerület jelöltje   |h [elektronikus dokumentum] :  |b dr. Biczó György /  |c  Somogyi Károlyné 
260 |c 1967-02-10 
300 |a 3 
490 0 |a Délmagyarország  |v 57 No. 35 
695 |a Hofgesang Péter, Perjési László, Biczó György, Hegyi László, Bencze György, Szekeres Vince, Petri Gábor, Lacsán Mihály, Révész László, Hallai Gyuláné, Koics Erzsébet, Vaszy Viktor, Kelecsényi József, Papp Ferenc, Megyei tanácstagok jelőlése Szeged 1967, választások 
700 0 1 |a Kondorosi János  |e aut